000 00602nam a2200217Ia 4500
003 OSt
005 20220923230856.0
006 a|||||r|||| 00| 0
007 ta
008 Pun
024 _a306,230
037 _cTextual
040 _aARTS
_cARTS
_bPun
041 _2Pun
_aPun
082 _aO157,1M61w, 153K1
100 _aਟੈਗੋਰ; ਕਰਲਦੀਪ ਸਿੰਘ, ੳਗ.
_9156325
245 0 _aਮੇਰਾ ਬਚਪਣ
260 _c1961
942 _hO157,1M61w, 153K1
_cTEXL
_2CC
999 _c388017
_d388017